000 00529nam a22001937a 4500
003 KOHA_MİRAKIL
005 20250407170436.0
008 250407b tu ||||| |||| 00| 0 tur d
020 _a9789753427715
040 _aTR-AnABB
_btur
_cTR-AnABB
041 _atur
082 _a823.914
_bABA 2010
100 1 _aAbani, Christopher,
245 1 0 _aGraceland /
_cChris Abani
260 _aİstanbul :
_bMetis Yayıncılık,
_c2010
300 _a346 sayfa ;
_c20 cm
650 0 4 _aİngiliz edebiyatı, roman
942 _2ddc
_cBK
999 _c8600
_d8600
900 _bGizem YORULMAZ